01004nam a22002177a 4500999001500000003000900015008004100024040007100065082001900136100002800155245005900183260008600242300002800328505022800356650003400584650001900618650002500637942001600662945000900678952009900687 c4597d4597AR-CdUCM190311b ||||| |||| 00| 0 spa d aMUNICIPALIDAD PROVINCIAL DEL CUSCOcBIBLIOTECA MUNICIPAL DEL CUSCO a869.1 /bSA194 aSánchez Vinces, J. V. aMedardo Angel Silva juzgado por sus contemporáneos / aGuayaquil :bEditorial casa de la cultura ecuatoriana, núcleo de Guayas,c1966. a132 páginas :c17 cm. aContenido: Un niño poeta, por prospero salcedo Mc Dowal -- Medardo Angel Silva, por G. Latorre -- "El árbol del bien y del mal", por Anibal Sánchez -- "María Jesús", juicio critico de J. A. Falconi Villagómez... aLiteratura Ecuatoriana911889 aEcuador910121 aNiño poeta 914353 2ddccLIBROS adavv 002ddc4070aSHbSHcCARTd2019-03-11g10.00o869.1 / SA194pSH0000004801r2019-03-11yLIBROS